000 00716nam a2200205 4500
003 LK-CoMWRAF
005 20231201120917.0
008 230921b2011 |||||||| |||| 00| 0 eng d
020 _a9556080317
040 _aLK-CoMWRAF
_dLK-CoMWRAF
_eLK-CoMWRAF
041 _asin
082 _a297
_bMAU
100 _aමව්දුදි, මව්ලානා සෙයියිද් අබුල් අ:ලා
245 _aඉස්ලාම් යනු කුමක්ද?
246 _aIslaam yanu kumakda?
250 _aහයවන වෙළුම
260 _aකොළඹ :
_bශ්‍රී ලංකා ජමාඅත් -ඒ- ඉස්ලාම්,
_c2011
650 _aඉස්ලාම්
942 _cBK
999 _c3600
_d3600